000 00876nam a2200265 a 4500
001 000049088
003 DO-SdBNP
005 20220113143717.0
007 ta
008 190718s2002 dr 000 0 spa d
040 _aDO-SdBNP
_bspa
_cBNPHU
082 _a907.2
_bA516p
_222
245 0 3 _aEl profesor Erwin Walter Palm historiador de nuestros monumentos
260 _aSanto Domingo, Repúbli:
_bSociedad Dominicana de Bibliófilos,
_c2002.
300 _a24 p. ;
_c22 cm.
490 1 _a Conferencia
_v3
590 _aInventariado, 2019/VM
600 1 0 _aWalter Palm, Erwin ,
_d1938-
_977486
651 1 4 _aRepública Dominicana
_xHistoriografía
_91457
700 _aAmiama de Castro, Octavio
_d1936-
_977485
710 _aSociedad Dominicana de Bibliófilo (República Dominicana)
_977483
830 0 _aConferencia
_n3
_977484
910 _aVMateo
942 _2ddc
_cLBS1
999 _c48576
_d48576